Grundlagen der Führung Führungsprozess. Führungskreis. Führungsfunktion. Führungskonzeptionen. -Management by Objectives. -Management by Exception. -Management by Delegation. -Führen nach dem Regelkreismodell. Führungsstil
Enregistré dans:
| Auteur principal: | |
|---|---|
| Format: | Livre |
| Langue: | allemand |
| Publié: |
Wiesbaden
Gabler
1994
|
| Édition: | 1. Aufl. |
| Collection: | Praxis der Unternehmensführung
|
| Sujets: | |
| Tags: |
Pas de tags, Soyez le premier à ajouter un tag!
|
MARC
| LEADER | 00000nam a2200000 4500 | ||
|---|---|---|---|
| 001 | c006325 | ||
| 005 | 20221205140559.9 | ||
| 020 | |a 3-409-18312-4 | ||
| 041 | 0 | |a ger | |
| 044 | |a DE | ||
| 245 | 1 | 0 | |a Grundlagen der Führung |b Führungsprozess. Führungskreis. Führungsfunktion. Führungskonzeptionen. -Management by Objectives. -Management by Exception. -Management by Delegation. -Führen nach dem Regelkreismodell. Führungsstil |c Gerhard Jeuschede |
| 250 | |a 1. Aufl. | ||
| 264 | 1 | |a Wiesbaden |b Gabler |c 1994 | |
| 300 | |a 72 s. | ||
| 490 | 1 | |a Praxis der Unternehmensführung | |
| 830 | 0 | |a Praxis der Unternehmensführung | |
| 610 | 2 | 0 | |a riadenie |
| 610 | 2 | 0 | |a funkcie riadenia |
| 610 | 2 | 0 | |a manažment |
| 610 | 2 | 0 | |a modely |
| 100 | 1 | |a Jeuschede, Gerhard | |